Personálny manažment študijný text

Gespeichert in:
Bibliographische Detailangaben
1. Verfasser: Kachaňáková, Anna
Format: Buch
Sprache:Slowakisch
Veröffentlicht: Bratislava ÚĎVEM EU 1996
Schriftenreihe:Manažment malého a stredného podnikania
Schlagworte:
Tags: Tag hinzufügen
Keine Tags, Fügen Sie das erste Tag hinzu!

MARC

LEADER 00000nam a2200000 4500
001 c102670
005 20240422122230.3
020 |a 80-225-0761-X 
041 0 |a slo 
044 |a SK 
245 1 0 |a Personálny manažment  |b študijný text  |c Anna Kachaňáková 
264 1 |a Bratislava  |b ÚĎVEM EU  |c 1996 
300 |a 64 s. 
490 1 |a Manažment malého a stredného podnikania 
830 0 |a Manažment malého a stredného podnikania 
610 2 0 |a manažment personálny 
610 2 0 |a prijímanie pracovníkov 
610 2 0 |a zákonník práce 
610 2 0 |a organizácia práce 
610 2 0 |a motivácia pracovná 
610 2 0 |a využitie času pracovného 
610 2 0 |a využitie síl pracovných 
100 1 |a Kachaňáková, Anna